000 00350nam a2200145Ia 4500
008 230917s9999||||xx |||||||||||||| ||und||
040 _e100707
_aMAIN
041 _aEnglish
082 _a355.00954 K142C
100 _aKapur, C K
245 0 _aChinese military modernisation
260 _aNew Delhi
_bManas
_c2003
300 _a251 p.
942 _cBK
999 _c117040
_d117040